Problemas de fe y de moral

-д хадгалсан:
Номзүйн дэлгэрэнгүй
Үндсэн зохиолч: González Ruiz, José María (Зохиогч)
Формат: Ном
Хэл сонгох:испани
Хэвлэсэн: Madrid Paulinas 1968
Цуврал:Colección Las Respuestas Vitales, 4
Нөхцлүүд:
Шошгууд: Шошго нэмэх
Шошго байхгүй, Энэхүү баримтыг шошголох эхний хүн болох!

MARC

LEADER 00000nam a2200000 a 4500
001 UCL2215
003 CL-VaPUC
008 031017e19680000SP |||||||||||||||||spa|d
082 0 4 |a 220.6  |b GON  |2 21 
100 |a González Ruiz, José María  |e author  |9 586142 
245 1 0 |a Problemas de fe y de moral 
300 |a 327 p 
942 |c BK 
945 |d 20031017 00:00:00  |a rbrito 
260 |a Madrid  |b Paulinas  |c 1968 
650 0 |a Biblia  |9 257603 
650 0 |a Textos sagrados   |9 257605 
650 0 |a Crítica e interpretación   |9 255042 
650 0 |a Ética cristiana   |9 308677 
583 |a last modification  |c 20031017 00:00:00  |k Rodrigo Vera 
490 0 |a Colección Las Respuestas Vitales, 4 
999 |c 305571  |d 305569 
952 |0 0  |1 0  |4 0  |6 220_600000000000000_GON_1968  |7 0  |8 A  |9 369675  |a BIBTEO  |b BIBTEO  |d 2019-11-21  |i 208242K  |o 220.6 GON 1968  |p 208242K  |r 2025-01-17  |w 2019-11-21  |y BK  |k ICR